000 00793cam a2200217 a 4500
001 000025712
005 20200930024006.0
008 760831s1971 mx 000 | spa d
041 1 7 _aspa
_heng
082 _axxxx
_bR643c
100 1 _aRoberts, Dorothy M.,
_952479
245 1 0 _aComo trabajar con grupos de adolescentes /
_cDorothy M. Roberts ; traductor René Cárdenas Barrios.
260 _aMéxico :
_bDiana,
_c1971.
300 _a78 p. ;
_c18 cm.
490 1 _aBiblioteca para el director de grupos
_v5
534 _aTítulo original :
_tHow to work with teen-age groups
500 _aIncluye referencias bibliográficas y notas al pie de páginas
700 1 _aCárdenas Barrios, René,
_etr.
_912537
830 0 _aBiblioteca para el director de grupos
_n5
_952480
999 _c25204
_d25204
040 _aDO-SdBNP